Statistics for Countries That Spell Out a Different Country #3

Click here to take the quiz!

General Stats

  • This quiz has been taken 62 times
  • The average score is 8 of 13

Answer Stats

HintLetterAnswer% Correct
Spaghetti, Colosseum, GucciIItaly
98%
Hermit Kingdom, Kim, Nuclear weaponsNNorth Korea
94%
Buddhism, Railay Beach, Koh Phi PhTThailand
85%
Baklava, Hagia Sophia, Grand BazaarTTurkey
75%
Name of Country-United States
72%
Skype, Forests, Singing RevolutionEEstonia
60%
Zona Colonial, Larimar, MamajuanaDDominican Republic
49%
Women warriors, Afwerki, AsmaraEEritrea
49%
Yerba Mate,Candombe, ChivitoUUruguay
49%
Adebayor, Koutammakou, FufuTTogo
40%
Gjirokastër, Blue Eye, Lake Komani FerryAAlbania
38%
Serendip, Cinnamon, Sigiriya FortressSSri Lanka
30%
Piton Mountains, Jacquot, Drive in volcanoSSaint Lucia
19%

Score Distribution

Percentile by Number Answered

Percent of People with Each Score

Your Score History

You have not taken this quiz